| 000 | 00367nam a2200145Ia 4500 | ||
|---|---|---|---|
| 008 | 230312s9999||||xx |||||||||||||| ||und|| | ||
| 020 | _a81-317-1026-5 | ||
| 082 |
_a629.895 _bMAZ-M |
||
| 100 | _aMazidi;M.Ali | ||
| 245 | 0 | _a8051 Microcontroller and Embedded Systems | |
| 260 |
_bPearson _aIndia _c2013 |
||
| 300 | _a547 | ||
| 650 |
_aEngineering _vCivil |
||
| 942 | _cBK | ||
| 999 |
_c12166 _d12166 |
||